ARRUPE JESUIT UNIVERSITY

CORONAVIRUS -STOP THE SPREAD - CLEAN,DISINFECT,COVER

For and against the state : (Record no. 123645)

MARC details
000 -LEADER
fixed length control field 01782mam a2200301 a 4500
001 - CONTROL NUMBER
control field 1831276
005 - DATE AND TIME OF LATEST TRANSACTION
control field 20151028114820.0
008 - FIXED-LENGTH DATA ELEMENTS--GENERAL INFORMATION
fixed length control field 951121s1996 mdu b 001 0 eng
010 ## - LIBRARY OF CONGRESS CONTROL NUMBER
LC control number 95026486
020 ## - INTERNATIONAL STANDARD BOOK NUMBER
International Standard Book Number 0847681645 (alk. paper)
020 ## - INTERNATIONAL STANDARD BOOK NUMBER
International Standard Book Number 0847681653 (pbk. : alk. paper)
035 ## - SYSTEM CONTROL NUMBER
System control number (OCoLC)ocm33863401
040 ## - CATALOGING SOURCE
Original cataloging agency DLC
Transcribing agency DLC
Modifying agency C#P
-- OrLoB-B
050 00 - LIBRARY OF CONGRESS CALL NUMBER
Classification number JC11
Item number .F67 1996
082 00 - DEWEY DECIMAL CLASSIFICATION NUMBER
Classification number 320.1
Edition number 20
110 ## - MAIN ENTRY--CORPORATE NAME
Corporate name or jurisdiction name as entry element Sanders, John T. and Narveson Jan
Relator term Editors
9 (RLIN) 20633
245 00 - TITLE STATEMENT
Title For and against the state :
Remainder of title new philosophical readings /
Statement of responsibility, etc edited by John T. Sanders and Jan Narveson.
260 ## - PUBLICATION, DISTRIBUTION, ETC. (IMPRINT)
Place of publication, distribution, etc Lanham, Md. :
Name of publisher, distributor, etc Rowman & Littlefield,
Date of publication, distribution, etc c1996.
300 ## - PHYSICAL DESCRIPTION
Extent viii, 297 p. ;
Dimensions 24 cm.
504 ## - BIBLIOGRAPHY, ETC. NOTE
Bibliography, etc Includes bibliographical references and index.
505 00 - FORMATTED CONTENTS NOTE
Miscellaneous information 1.
Title Who Believes in Political Obligation? /
Statement of responsibility Leslie Green --
Miscellaneous information 2.
Title Philosophical Anarchism /
Statement of responsibility A. John Simmons --
Miscellaneous information 3.
Title Why Even Morally Perfect People Would Need Government /
Statement of responsibility Gregory S. Kavka --
Miscellaneous information 4.
Title Market-Anarchy, Liberty, and Pluralism /
Statement of responsibility Jan Clifford Lester --
Miscellaneous information 5.
Title Justifying the State /
Statement of responsibility David Schmidtz --
Miscellaneous information 6.
Title Anarchism and Skepticism /
Statement of responsibility Jonathan Wolff --
Miscellaneous information 7.
Title Games, Anarchy, and the Nonnecessity of the State /
Statement of responsibility Howard H. Harriott --
Miscellaneous information 8.
Title Self-Contradictory Contractarianism /
Statement of responsibility Anthony de Jasay --
Miscellaneous information 9.
Title The Rights of Chickens: Rational Foundations for Libertarianism? /
Statement of responsibility Peter Danielson --
Miscellaneous information 10.
Title The Anarchist's Case /
Statement of responsibility Jan Narveson --
Miscellaneous information 11.
Title The State and War Making /
Statement of responsibility Cheyney Ryan --
Miscellaneous information 12.
Title Anarchy and Efficient Law /
Statement of responsibility David Friedman --
Miscellaneous information 13.
Title The State of Statelessness /
Statement of responsibility John T. Sanders.
650 #0 - SUBJECT ADDED ENTRY--TOPICAL TERM
Topical term or geographic name as entry element State, The.
9 (RLIN) 20634
650 #0 - SUBJECT ADDED ENTRY--TOPICAL TERM
Topical term or geographic name as entry element Anarchism.
9 (RLIN) 20635
700 1# - ADDED ENTRY--PERSONAL NAME
Personal name Sanders, John T.
9 (RLIN) 20636
700 1# - ADDED ENTRY--PERSONAL NAME
Personal name Narveson, Jan,
Dates associated with a name 1936-
9 (RLIN) 20637
900 ## - EQUIVALENCE OR CROSS-REFERENCE-PERSONAL NAME [LOCAL, CANADA]
Numeration TOC
942 ## - ADDED ENTRY ELEMENTS (KOHA)
Source of classification or shelving scheme Library of Congress Classification
Item type Monograph ( Printed materials)
Holdings
Withdrawn status Lost status Source of classification or shelving scheme Damaged status Not for loan Collection code Home library Current library Shelving location Date acquired Total Checkouts Full call number Barcode Date last seen Date last borrowed Price effective from Koha item type
    Library of Congress Classification     Main Collection ARRUPE LIBRARY ARRUPE LIBRARY Main Collection 28/10/2015 2 JC11 .F67 1996 46500005284 29/06/2018 13/09/2016 28/10/2015 Monograph ( Printed materials)

 

Arrupe Library. PO Box MP320 Mt Pleasant, Harare, Zimbabwe
263 242 745411|librarian@aju.ac.zw